000 01015cam a2200217 4500
001 WB3929-17
008 030730n2003 000 0 eng u
035 _a(Sirsi) u123147
245 _aReport on costs of foot and mouth
260 _c2003
490 _aScottish Executive News Release
_v 29 July 2003, (3)
520 _aThe final report of the Foot and Mouth Disease Economic Impact Assessment Group is published which shows that the overall impact of FMD on the Scottish Economy as a whole was a fall in GDP of between £13.6m and £29.8m. This is the first report to quantify the economic supply costs of the outbreak at a sub-Scotland level. For the news release: http://www.scotland.gov.uk/pages/news/2003/07/SEen569.aspx For the final report: http://www.scotland.gov.uk/library5/agri/eifm-00.asp
590 _aWB
650 _aFOOT-AND-MOUTH
650 _aECONOMIC IMPACT
650 _aGDP
650 _aSCOTLAND
650 _aTOURISM
690 _aRURAL-AGRICULTURE AND FORESTRY
942 _n0
999 _c73131
_d73131